000 00646nam a2200277Ia 4500
005 20260324133102.0
008 008 260324s9999 xx 000 0 eng d
020 _a9780203987384
037 _aEBOOK
040 _aCRL
040 _beng
040 _cCRL
041 _2eng
041 _aeng
084 _qCRL
100 _aClaire Valier
_91191741
245 0 _aCrime and Punishment in Contemporary Culture
260 _bTaylor and Francis
260 _c2004
365 _a
365 _b240
856 _uhttp://www.taylorfrancis.com/books/9780203987384
942 _cEBOOK
999 _c1790470
_d1790470